000 00681cam a2200145 4500500
005 20260201082611.0
041 _afre
042 _adc
100 1 0 _aMoreau de Bellaing, Louis
_eauthor
245 0 0 _aSiegfried Kracauer, Les employés. À propos de l’Allemagne nouvelle (1929), Paris, Éditions de la Maison des Sciences de l’Homme, Éditions Avinos, 2004, coll. « Philia », 3e édition, éditée par Nia Perivolaropoulou.
260 _c2005.
500 _a1
786 0 _nL'Homme & la Société | 156-157 | 2 | 2005-06-01 | p. 199e-216e | 0018-4306
856 4 1 _uhttps://shs.cairn.info/revue-l-homme-et-la-societe-2005-2-page-199e?lang=fr&redirect-ssocas=7080
999 _c1640299
_d1640299